00587nam a2200133Ia 4500008004100000245015100041260005500192260000900247300000700256650001300263856008500276999001900361952007300380170516s9999 xx 000 0 und d aPlasma tenofovir trough concentrations are associated with renal dysfunction in Japanese patients with HIV infection: a retrospective cohort study bJournal of Pharmaceutical Health Care and Sciences c2016 a2: xPharmacy uhttps://jphcs.biomedcentral.com/articles?query=&volume=2&searchType=&tab=keyword c331741d331741 001040aCLbCLd2017-05-16l0r2017-05-16 00:00:00w2017-05-16yFOJ